|
|
|
|
| LEADER |
00746nam a22002175a 4500 |
| 001 |
CEM.cems017264 |
| 005 |
20090828175546.0 |
| 008 |
130507s2006##################000#0#####d |
| 003 |
CEMS |
| 020 |
|
|
|a 9788479035044
|
| 082 |
0 |
4 |
|a 611
|
| 100 |
1 |
|
|a Agur, Anne M. R.
|
| 245 |
1 |
0 |
|a Atlas de anatomía :
|b grant /
|c Anne M. R. Agur y Arthur E. Dalley Ii
|
| 250 |
|
|
|a 11a. ed.
|
| 260 |
|
|
|a Madrid :
|b Médica Panamericana,
|c 2006
|
| 300 |
|
|
|a 847 p.
|
| 505 |
0 |
|
|a Tórax -- Abdomen -- Pelvis y periné -- Espalda -- Miembro inferior -- Miembro superior -- Cabez -- Cuello -- Nervios craneales
|
| 653 |
|
|
|a Anatomía humana
|
| 700 |
1 |
|
|a Agur, Anne M. R.
|
| 700 |
1 |
|
|a Dalley Ii, Arthur F.
|
| 859 |
|
|
|a CEMS
|b BIB. CEMS - Agricultura
|h 611
|i Ag95a11
|p A1075.09
|t Ej.1
|